| 000 | 00356nam a2200145Ia 4500 | ||
|---|---|---|---|
| 008 | 220217s9999||||xx |||||||||||||| ||und|| | ||
| 020 | _a9788126543205 | ||
| 082 | _a540 WIL | ||
| 100 |
_aWiley _99351 |
||
| 245 | 0 | _aWiley engineering chemistry | |
| 250 | _a2 | ||
| 260 |
_aWiley _bNew Delhi _c2014 |
||
| 300 |
_aXXXIII,1026p. _b739 |
||
| 650 | _aCHEMISTRY | ||
| 999 |
_c189425 _d189425 |
||